Statistiques concernant Culture Générale - Série 782

Cliquez ici pour prendre le quiz!

Statistiques générales

  • Ce quiz a été pris 112 fois
  • Le résultat moyen est 5 sur 10

Statistiques - réponses

QuestionRéponse% Correct
On dit d'un animal qui mange des aliments très divers qu'il est "omni...vore
95%
Dans quel pays d'Amérique du Nord appelle-t-on les fesses des "foufounes" ?Canada
93%
Dans quelle ville sont installés les gendarmes de la saga cinématographique, réalisée par Jean Girault avec Louis de Funès ?Saint-Tropez
92%
Selon l'expression, une personne inutile est considérée comme la cinquième roue du...carrosse
84%
Sur quelle île française du Pacifique les Kanaks sont-ils installés depuis près de 4 000 ans ?Nouvelle-Calédonie
67%
Dans les années 1970, à quel chanteur de soul américain doit-on les tubes : "Isn't She Lovely" et "Superstition ?Stevie Wonder
33%
A Waterloo, quel général d'Empire aurait affirmé : "La garde meurt mais ne se rend pas" ?Cambronne
30%
Dans une adresse Internet, à quel pays se rapporte l'extension de domaine ".za" ?Afrique du Sud
15%
Quel nom porte l'instrument de musique qui en italien signifie "petite oie" ?ocarina
13%
Dans le film "Podium" de l'écrivain et réalisateur Yann Moix, le sosie de Claude François interprété par Benoît Poelvoorde s'appelle Bernard...Frédéric
13%

Distribution des résultats

Percentile par nombre de réponses

% des personnes avec chaque résultat

Votre développement - résultats

Vous n’avez pas pris ce quiz